Pelagic and semi-pelagic trawling ger

Guardat en:
Dades bibliogràfiques
Autor principal: Garner, John (Autor)
Format: Llibre
Idioma:anglès
Publicat: Farnham Fishing News Books 1978
Matèries:
Etiquetes: Afegir etiqueta
Sense etiquetes, Sigues el primer a etiquetar aquest registre!

MARC

LEADER 00000nam a2200000 a 4500
001 UCY3754
003 CL-VaPUC
008 950116e19780000UK |||||||||||||||||eng|d
082 0 4 |a 639.2  |b GAR  |2 21 
100 |a Garner, John  |e author  |9 332136 
245 1 0 |a Pelagic and semi-pelagic trawling ger 
300 |a 59 p 
942 |c BK 
945 |d 19950116 00:00:00  |a mfernand 
260 |a Farnham  |b Fishing News Books  |c 1978 
650 7 |a INDUSTRIA PESQUERA EQUIPOS Y ACCESORIOS  |2 CL-VaPUC  |9 261616 
583 |a last modification  |c 19950116 00:00:00  |k Rodrigo Vera 
999 |c 231810  |d 231808 
952 |0 0  |1 0  |4 0  |6 639_200000000000000_GAR_1978  |7 0  |8 CCM  |9 235510  |a BIBCUR  |b BIBCUR  |d 2019-11-15  |i 3056538  |o 639.2 GAR 1978  |p 3056538  |r 2025-04-22  |w 2019-11-15  |y BK  |k CIM